| 000 | 00478nam a2200157 a 4500 | ||
|---|---|---|---|
| 001 | 1568 | ||
| 003 | CDMR | ||
| 005 | 20130502155449.0 | ||
| 008 | 130130s1993||||||||||||||||||||||||||||d | ||
| 020 | _a8477810915 | ||
| 040 |
_aCDMR _bcat _cCPC GIRONA |
||
| 100 | 1 |
_aCompany, Eduard _91174 |
|
| 245 | 1 | 0 |
_aHola, Espanya! _b: guia per desemmascarar el nacionalisme espanyol de Pasqual Maragall _cEduard Company, Josep Maria Pascual |
| 260 |
_c1993 _bEl Llamp _aBarcelona |
||
| 942 |
_cMON _2udc |
||
| 999 |
_c1568 _d1568 |
||